| 000 | 01066nac a22003377a 4500 | ||
|---|---|---|---|
| 001 | BR9002089 | ||
| 003 | BR-BrBNA | ||
| 005 | 20240105121119.0 | ||
| 008 | 230509b bl.|||m| |||| 00| 0 por d | ||
| 040 |
_aBR-BrBNA _bpor _cBiblioteca Nacional de Agricultura |
||
| 072 | _aL74 | ||
| 090 | _a5212 BR9002089 | ||
| 100 | 1 | _aSantos, F. das C.C. dos | |
| 100 | 1 | _aPereira, C.A. | |
| 100 | 1 | _aFerreira, H.D. | |
| 100 | 1 | _aRizzo, J.A. | |
| 100 | 1 | _aFischer, P. | |
| 100 | 1 | _aDrudi, A. | |
| 110 | 1 | _aEmpresa Goiana de Pesquisa Agropecuaria, Goiania, GO (Brasil) | |
| 245 | 1 | _aToxidade de plantas para bovinos na regiao norte do estado de Goias | |
| 260 | 3 |
_aGoiania, GO (Brasil): _c1990. |
|
| 300 | _a29 p. | ||
| 490 |
_aInformativo Tecnico - Empresa Goiana de Pesquisa Agropecuaria (Brazil) _vno. 2 _xISSN 0103-4642 |
||
| 500 | _aSummaries (En, Pt); 14 ref.; 6 illus. | ||
| 650 | _aBOVINO | ||
| 650 | _aPLANTA TOXICA | ||
| 650 | _aINTOXICACAO ANIMAL | ||
| 650 | _aGOIAS | ||
| 909 |
_a202312 _bLúcia Elande _c55 _dLúcia Elande |
||
| 942 |
_2AGRIS _n0 _cMS |
||
| 999 |
_c283372 _d283372 |
||